Music Quiz

Random Music or Song Quiz

Figure Out the Lyrics (Roadtrip Edition) Quiz Stats

Quiz Updated Mar 5, 2012

Challenge
Share
Tweet
Embed
Score 0/292 Timer 10:00
21 Plays Today
Word % Correct
I'll
97.3%
I'm
97.3%
I’m
97.2%
I’m
97.2%
I’m
97.2%
I’m
97.2%
I’m
97.2%
I’m
97.2%
I’m
97.2%
I’m
97.2%
I’m
97.2%
I’m
97.2%
I’m
97.2%
I’m
97.2%
I’m
97.2%
I’m
97.2%
I’m
97.2%
I’m
97.2%
I’m
97.2%
I’m
97.2%
I’m
97.2%
I’m
97.2%
I’m
97.2%
I’m
97.2%
I
97.1%
I
97.1%
I
97.1%
I
97.1%
I
97.1%
I
97.1%
I
97.1%
I
97.1%
I
97.1%
I
97.1%
I
97.1%
I
97.1%
I
97.1%
I
97.1%
I
97.1%
I
97.1%
I
97.1%
I
97.1%
I
97.1%
I
97.1%
I
97.1%
I
97.1%
a
95.3%
a
95.3%
a
95.3%
a
95.3%
the
92.7%
the
92.2%
the
92.2%
the
92.2%
the
92.2%
the
92.2%
the
92.2%
the
92.2%
the
92.2%
the
92.2%
the
92.2%
the
92.2%
the
92.2%
the
92.2%
you,
89.6%
you,
89.6%
you,
89.6%
you.
89.6%
you,
89.6%
you,
89.6%
you,
89.6%
you.
89.6%
you. [Verse excluded]
89.6%
you.
89.6%
you.
89.6%
to
79.8%
to
79.8%
to
79.8%
to
79.8%
to
79.8%
to
79.8%
to
79.8%
to
79.8%
to
79.8%
to
79.8%
to
79.8%
be...
78.7%
be
78.7%
be...
78.7%
be
78.7%
be...
78.7%
be
78.7%
be...
78.7%
be
78.7%
be
78.7%
be...
78.7%
be
78.7%
be...
78.7%
Word % Correct
be
78.7%
be...
78.7%
be
78.7%
be
78.7%
be
78.7%
be
78.7%
be
78.7%
be
78.7%
go
77%
And
75.8%
And
75.8%
And
75.8%
And
75.8%
And
75.8%
And
75.8%
And
75.8%
do,
69.6%
When
69.3%
When
69.3%
When
69.3%
when
69.3%
When
69.3%
When
69.3%
when
69.3%
when
69.3%
gonna
69.1%
gonna
69.1%
gonna
69.1%
gonna
69.1%
gonna
69.1%
gonna
69.1%
gonna
69.1%
gonna
69.1%
gonna
69.1%
gonna
69.1%
gonna
69.1%
gonna
69.1%
gonna
69.1%
gonna
69.1%
gonna
69.1%
gonna
69.1%
gonna
69.1%
gonna
69.1%
gonna
69.1%
on
68.4%
in
67.9%
who
64.2%
who
64.2%
who
64.2%
who
64.2%
who
64.2%
who
64.2%
who
64.2%
man
62.3%
man
62.3%
man
62.3%
man
62.3%
man
62.3%
man
62.3%
man
62.3%
man
62.3%
man
62.3%
man
62.3%
man
62.3%
man
62.3%
your
60.1%
your
60.1%
your
60.1%
with
57.5%
with
57.5%
with
57.5%
with
57.5%
up,
55.7%
up
55.7%
know
54.1%
know
54.1%
know
54.1%
know
54.1%
know
54.1%
know
54.1%
know
54.1%
know
54.1%
know
54.1%
at
51.8%
at
51.8%
at
51.8%
would
51.7%
would
51.7%
would
51.7%
would
51.7%
would
51.7%
would
51.7%
walk
51.6%
walk
51.6%
walk
51.6%
walk
51.6%
walk
51.6%
walk
51.6%
Word % Correct
for
50.6%
for
50.6%
If
50.5%
if
50.5%
if
50.5%
just
49.7%
just
49.7%
who's
48.2%
wake
48%
miles,
47.9%
miles
47.9%
miles,
47.9%
miles
47.9%
miles,
47.9%
miles
47.9%
out,
47.3%
500
46.8%
500
46.8%
500
46.8%
500
46.8%
500
46.8%
500
46.8%
more
46.5%
more
46.5%
more
46.5%
next
43.6%
next
43.6%
thousand
42.9%
thousand
42.9%
thousand
42.9%
down
42.4%
down
42.4%
down
42.4%
door.
40.5%
door.
40.5%
door.
40.5%
wakes
39.6%
get
39.6%
well,
37.6%
well,
37.6%
well,
37.6%
well,
37.6%
come
37.3%
then,
37.2%
home,
37%
home
37%
home
37%
goes
35.9%
fall
35.5%
fall
35.5%
fall
35.5%
walked
30.3%
yes,
30.2%
But
30%
But
30%
But
30%
walks
29.6%
walks
29.6%
along
27%
who's
26.4%
who's
26.4%
who's
26.4%
who's
26.4%
yeah,
26.2%
back
24.7%
comes
24.2%
comes
24.2%
oh,
24%
time
22.3%
every
22.2%
gets
21.6%
grow
20.5%
drunk,
18.9%
drunk
18.9%
coming
18.1%
work
17.2%
old,
17%
old
17%
haver,
15.4%
without
14.1%
havering
13.9%
money
13.8%
lonely,
13.6%
lonely
13.6%
about
13.4%
dream
12.8%
dream
12.8%
hard
12.5%
penny
12.5%
pass
12.4%
working,
12%
working
12%
almost
11%
growing
10.2%
hey,
8.6%
dreaming,
7.9%

You're not logged in!

Compare scores with friends on all Sporcle quizzes.
Join for Free
OR
Log In

You Might Also Like...

Show Comments

Extras

Top Quizzes Today


Score Distribution

Your Account Isn't Verified!

In order to create a playlist on Sporcle, you need to verify the email address you used during registration. Go to your Sporcle Settings to finish the process.

Report this User

Report this user for behavior that violates our Community Guidelines.

Details: